| Tag |
First Indicator |
Second Indicator |
Subfields |
| LEADER |
00000cam a22000008a 4500 |
| 001 |
in00001093921 |
| 005 |
20150929191054.0 |
| 008 |
920211s1992 ie 000 1 eng d |
| 010 |
|
|
|a gb 92352102
|
| 015 |
|
|
|a GB92-Z2102
|
| 020 |
|
|
|a 1853711772 :
|c £12.99
|
| 035 |
|
|
|a (OCoLC)26353081
|
| 035 |
|
|
|9 AFS7606AM
|
| 040 |
|
|
|a UKM
|c UKM
|d TXA
|d UtOrBLW
|
| 049 |
|
|
|a TXAM
|
| 082 |
0 |
4 |
|a 823.914
|a F
|2 20
|
| 090 |
|
|
|a PR6065.D578
|b L54 1992
|
| 100 |
1 |
|
|a O'Donnell, Mary,
|d 1954-
|
| 245 |
1 |
0 |
|a Light-makers /
|c Mary O'Donnell.
|
| 264 |
|
1 |
|a Dublin, Ireland :
|b Poolbeg P.,
|c 1992.
|
| 300 |
|
|
|a 193 pages ;
|c 23 cm.
|
| 336 |
|
|
|a text
|b txt
|2 rdacontent
|
| 337 |
|
|
|a unmediated
|b n
|2 rdamedia
|
| 338 |
|
|
|a volume
|b nc
|2 rdacarrier
|
| 740 |
0 |
|
|a Lightmakers.
|
| 999 |
|
|
|a MARS
|
| 999 |
f |
f |
|s fdbead22-cc2b-32e1-8681-7bb1684f0948
|i 91faae0c-ce9b-39f0-adcf-f6b0618121f8
|t 0
|
| 952 |
f |
f |
|p ric
|a Texas A&M University
|b Rellis Campus
|c Joint Library Facility
|d Remote Storage
|t 0
|e PR6065.D578 L54 1992
|h Library of Congress classification
|i unmediated -- volume
|m A14816628520
|
| 998 |
f |
f |
|a PR6065.D578 L54 1992
|t 0
|l Remote Storage
|